<?xml version="1.0" encoding="UTF-8"?><marc:collection xmlns:marc="http://www.loc.gov/MARC21/slim">
  <marc:record>
    <marc:leader>00000nam  2200000za 4500</marc:leader>
    <marc:controlfield tag="001">9.677585</marc:controlfield>
    <marc:controlfield tag="003">CaOODSP</marc:controlfield>
    <marc:controlfield tag="005">20221107134438</marc:controlfield>
    <marc:controlfield tag="007">cr |||||||||||</marc:controlfield>
    <marc:controlfield tag="008">150407s2015    oncab  #o    f000 0 fre d</marc:controlfield>
    <marc:datafield tag="020" ind1=" " ind2=" ">
      <marc:subfield code="a">978-0-660-23420-5</marc:subfield>
    </marc:datafield>
    <marc:datafield tag="040" ind1=" " ind2=" ">
      <marc:subfield code="a">CaOODSP</marc:subfield>
      <marc:subfield code="b">fre</marc:subfield>
    </marc:datafield>
    <marc:datafield tag="043" ind1=" " ind2=" ">
      <marc:subfield code="a">n-cn---</marc:subfield>
    </marc:datafield>
    <marc:datafield tag="086" ind1="1" ind2=" ">
      <marc:subfield code="a">Fo79-16/2015F-PDF</marc:subfield>
    </marc:datafield>
    <marc:datafield tag="245" ind1="0" ind2="0">
      <marc:subfield code="a">Analyse du risque phytosanitaire que pose l'agrile du frêne pour le nord de l'Ontario et le Manitoba </marc:subfield>
      <marc:subfield code="h">[ressource électronique] / </marc:subfield>
      <marc:subfield code="c">Janice Hodge ... [et al.].</marc:subfield>
    </marc:datafield>
    <marc:datafield tag="260" ind1=" " ind2=" ">
      <marc:subfield code="a">Ottawa : </marc:subfield>
      <marc:subfield code="b">Conseil canadien des ministres des forêts, Groupe de travail sur les ravageurs forestiers, </marc:subfield>
      <marc:subfield code="c">c2015.</marc:subfield>
    </marc:datafield>
    <marc:datafield tag="300" ind1=" " ind2=" ">
      <marc:subfield code="a">43 p. : </marc:subfield>
      <marc:subfield code="b">ill., cartes</marc:subfield>
    </marc:datafield>
    <marc:datafield tag="500" ind1=" " ind2=" ">
      <marc:subfield code="a">Publié aussi en anglais sous le titre: Emerald ash borer pest risk analysis for Northern Ontario and Manitoba.</marc:subfield>
    </marc:datafield>
    <marc:datafield tag="504" ind1=" " ind2=" ">
      <marc:subfield code="a">Comprend des réf. bibliogr.</marc:subfield>
    </marc:datafield>
    <marc:datafield tag="520" ind1=" " ind2=" ">
      <marc:subfield code="a">Le présent document fait état des conclusions d'une ARP, menée de 2013 à 2014 dans le but d'étudier les voies d'entrée probables de l'agrile du frêne au Manitoba et dans le nord de l'Ontario. L'analyse a porté sur deux volets : l'évaluation des risques (la probabilité d'introduction, l'établissement et la propagation; les conséquences liées à l'introduction) et la réponse aux risques. Elle avait pour but établir le moment probable d'introduction du ravageur dans la zone visée par l'ARP, ainsi que les mesures préventives pouvant être mises en place afin de retarder l'établissement de l'insecte ou d'atténeur les répercussions éventuelles. La présente ARP met particulièrement l'accent sur les voies d'entrée probables au Manitoba et dans le nord de l'Ontario, et sur les mesures de gestion possibles en réaction à l'arrivée de l"insecte dans les forêts urbaines, linéaires (brise-vents) et naturelles (terres à bois/forêts aménagées)</marc:subfield>
    </marc:datafield>
    <marc:datafield tag="692" ind1="0" ind2="7">
      <marc:subfield code="2">gccst</marc:subfield>
      <marc:subfield code="a">Organisme nuisible</marc:subfield>
    </marc:datafield>
    <marc:datafield tag="692" ind1="0" ind2="7">
      <marc:subfield code="2">gccst</marc:subfield>
      <marc:subfield code="a">Arbre</marc:subfield>
    </marc:datafield>
    <marc:datafield tag="692" ind1="0" ind2="7">
      <marc:subfield code="2">gccst</marc:subfield>
      <marc:subfield code="a">Gestion des risques</marc:subfield>
    </marc:datafield>
    <marc:datafield tag="700" ind1="1" ind2=" ">
      <marc:subfield code="a">Hodge, Janice.</marc:subfield>
    </marc:datafield>
    <marc:datafield tag="710" ind1="1" ind2=" ">
      <marc:subfield code="a">Canada.</marc:subfield>
      <marc:subfield code="b">Conseil canadien des ministres des forêts.</marc:subfield>
      <marc:subfield code="b">Groupe de travail sur les ravageurs forestiers.</marc:subfield>
    </marc:datafield>
    <marc:datafield tag="775" ind1="0" ind2="8">
      <marc:subfield code="t">Emerald ash borer pest risk analysis for Northern Ontario and Manitoba </marc:subfield>
      <marc:subfield code="w">(CaOODSP)9.629992</marc:subfield>
    </marc:datafield>
    <marc:datafield tag="856" ind1="4" ind2="0">
      <marc:subfield code="q">PDF</marc:subfield>
      <marc:subfield code="s">21.67 Mo</marc:subfield>
      <marc:subfield code="u">https://publications.gc.ca/collections/collection_2015/ccfm/Fo79-16-2015-fra.pdf</marc:subfield>
    </marc:datafield>
  </marc:record>
</marc:collection>
